Les héritiers et héritières des trônes en images - Statistiques

Statistiques générales
  • Ce quiz a été pris 48 fois
  • Le résultat moyen est 6 sur 10
Statistiques - réponses
Par images Hint Réponse % Correct
1982 - William Royaume;-Uni
98%
2005 - Leonor Espagne
81%
2001 - Elisabeth Belgique
74%
1973 - Haakon Norvège
69%
1968 - Frederik Danemark
67%
2014 - Jacques Monaco
67%
1977 - Victoria Suède
67%
2003 - Catharina-Amalia Pays-Bas
57%
1981 - Guillaume Luxembourg
52%
1968 - Aloïs Lichtenstein
10%
Aucun quiz correspondant
Distribution des résultats
% des personnes avec chaque résultat
Percentile par nombre de réponses
Votre historique - résultats
Vous n’avez pas pris ce quiz